| 000 | 01448nam a22002177a 4500 | ||
|---|---|---|---|
| 999 |
_c5819 _d5819 |
||
| 003 | AR-CdUCM | ||
| 008 | 190313b ||||| |||| 00| 0 spa d | ||
| 040 |
_aMUNICIPALIDAD PROVINCIAL DEL CUSCO _cBIBLIOTECA MUNICIPAL DEL CUSCO |
||
| 082 |
_23ed. _a982.034 / _bSA16 |
||
| 100 |
_aSalas, Carlos A. _917239 |
||
| 245 |
_aRenunciamientos del Capitán General don José de San Martín : _ba la gloria, al poder y a la riqueza / |
||
| 260 |
_aBuenos Aires : _bLeonardo impresora, _c1973. |
||
| 300 |
_a93 paginas ; _c22 cm. |
||
| 505 | _aEl teniente coronel D. José de San Martín, después de veintidós años de servicios en el ejercito español, renuncia a continuar su brillante carrera militar en dicho ejercito -- El coronel D. José de San Martín, renuncia a ocupar la casa que le tenia preparada el cabildo de la ciudad de Mendoza, cuando llega por primera vez a esa ciudad, para desempeñar el cargo de gobernador intendente de la provincia de Cuyo -- El coronel mayor D. José de San Martín, que ya había renunciado a la mitad del sueldo que por su grado le correspondía, no acepta que el cabildo de la ciudad de Mendoza, le abone la diferencia que dejaba de percibir, no obstante las necesidades por que atravesaba... | ||
| 650 |
_aJosé de San Martín _93366 |
||
| 650 |
_aHistoria del Perú _9259 |
||
| 650 |
_aAspectos económicos _9261 |
||
| 710 |
_aInstituto Nacional Sanmartiniano _917240 |
||
| 942 |
_2ddc _cLIBROS |
||
| 945 | _awnts | ||